00685cam a2200193 a 450000100100000000500170001000800410002704000180006808200200008610000390010624500540014526000400019930000200023965000290025965000310028891000340031995201230035399900150047600000499020200929151542.0901109s1990 ag 001 p spa  aDO-SdBNPcDLC aAr861.42bR733p1 aRoggiano, Alfredo A.d1919-91440410aPrisión o transparencia /cAlfredo A. Roggiano. aCordoba, Argentina :bMundi,c1990. a76 p. ;c22 cm. 4aPoesía argentina93859 4aLiteratura argentina93860 aCatalogación por copia / LC 001052708MOaGRbGRcCTd2009-07-28iLF1l0oAr861.42 R733pp4990-10r2020-06-25w2020-06-25y2ZPréstamo interno c4796d4796